Premier League Placings Quiz Stats

 Plays Quiz not verified by Sporcle

Score 0/22 Timer 10:00
0 Plays Today
Position Team % Correct
1stManchester United
100%
2ndArsenal, Manchester United
99.5%
3rdLiverpool
99.5%
4thArsenal, Liverpool
90.2%
7thEverton, Sheffield Wednesday
58.2%
6thAston Villa
56.5%
5thLeeds United
53.8%
8thTottenham Hotspur
44.6%
20thCrystal Palace, Nottingham Forest, Sunderland, Watford, Wolverhampton Wanderers
42.9%
19thBlackburn Rovers, Middlesbrough, West Bromwich Albion
39.7%
9thManchester City, West Ham
39.1%
Position Team % Correct
18thBirmingham City, Bolton Wanderers, Manchester City, Southampton
39.1%
22ndIpswich Town, Nottingham Forest, Swindon Town
38%
13thEverton, Fulham, Middlesbrough, Newcastle United, Sunderland
35.9%
21stLeicester City, Middlesbrough, Oldham Athletic
35.9%
10thBlackburn Rovers, Tottenham Hotspur
35.3%
14thBolton Wanderers, Middlesbrough, Tottenham Hotspur, West Ham
33.2%
12thMiddlesbrough, Newcastle United
28.3%
17thEverton
26.1%
15thBlackburn Rovers
22.8%
16thAston Villa
20.7%
11thChelsea
20.1%

You're not logged in!

Compare scores with friends on all Sporcle quizzes.
OR
Log In

You Might Also Like...

Show Comments

Extras

Top Quizzes Today


Score Distribution

Your Account Isn't Verified!

In order to create a playlist on Sporcle, you need to verify the email address you used during registration. Go to your Sporcle Settings to finish the process.

Report this User

Report this user for behavior that violates our Community Guidelines.

Details: